[Event "ICS rated blitz match"]
[Site "204.178.125.65"]
[Date "1999.10.03"]
[Round "?"]
[White "PostModernist"]
[Black "Hossa"]
[Result "1-0"]
[WhiteElo "2554"]
[BlackElo "2445"]
[PlyCount "160"]
[EventDate "1999.??.??"]

1. e4 e5 2. Nf3 Nc6 3. Bb5 a6 4. Ba4 Nf6 5. O-O Be7 6. Re1 b5 7. Bb3 d6 8. c3
O-O 9. h3 Na5 10. Bc2 c5 11. d4 Bb7 12. Nbd2 cxd4 13. cxd4 Rc8 14. d5 Nd7 15.
Nf1 f5 16. exf5 Nc4 17. Ne3 Rc7 18. Nxc4 bxc4 19. Be3 Qa8 20. f6 Nxf6 21. Ng5
Bxd5 22. Bf5 Kh8 23. Ne6 Bxe6 24. Bxe6 Qb7 25. Re2 Qb5 26. Bg5 Ne8 27. Be3 a5
28. Rc2 Nf6 29. a4 Qb7 30. Bxc4 d5 31. Ba6 Qb8 32. Rac1 Rxc2 33. Qxc2 Bb4 34.
Be2 Qe8 35. Bc5 Bxc5 36. Qxc5 Qb8 37. Rc2 Qd8 38. Qa7 g6 39. Rc7 Qb8 40. Bb5
Qxa7 41. Rxa7 Rc8 42. Rxa5 Rc2 43. b4 Rb2 44. Bc6 Rxb4 45. Bxd5 Nxd5 46. Rxd5
Rxa4 47. Rxe5 Kg7 48. Re7+ Kh6 49. g3 g5 50. Re6+ Kg7 51. Kg2 Rd4 52. Re3 Rd2
53. Re7+ Kg6 54. Re6+ Kf5 55. Rh6 Rd7 56. g4+ Ke5 57. Kg3 Ke4 58. Rh5 Rd3+ 59.
Kg2 h6 60. Rxh6 Rd7 61. f3+ Kf4 62. Rf6+ Ke3 63. Kg3 Rc7 64. Rf5 Rg7 65. f4
gxf4+ 66. Rxf4 Rc7 67. Rf1 Ke4 68. g5 Rc3+ 69. Kg4 Rc2 70. h4 Rg2+ 71. Kh3 Rd2
72. g6 Kd5 73. g7 Rd3+ 74. Kg4 Kc5 75. g8=Q Rd4+ 76. Rf4 Rd1 77. Qc4+ Kd6 78.
Rf6+ Kd7 79. Qe6+ Kd8 80. Rf8+ 80... Kc7 {Hossa resigns} 1-0

[Event "ICS rated blitz match"]
[Site "204.178.125.65"]
[Date "1999.08.29"]
[Round "?"]
[White "PostModernist"]
[Black "Hossa"]
[Result "1-0"]
[WhiteElo "2511"]
[BlackElo "2529"]
[PlyCount "72"]
[EventDate "1999.??.??"]

1. e4 Nf6 2. e5 Nd5 3. d4 d6 4. Nf3 Bg4 5. c4 Nb4 6. Qa4+ N4c6 7. d5 Bxf3 8.
gxf3 dxe5 9. Bg2 Nd7 10. dxc6 Nc5 11. Qa3 Nd3+ 12. Ke2 Nxc1+ 13. Rxc1 b6 14.
Rd1 Qc8 15. Qd3 f6 16. Qd7+ Kf7 17. Nc3 a6 18. Nd5 Qxd7 19. cxd7 c5 20. Nxb6
Rd8 21. Rd3 g6 22. Ra3 Bh6 23. Rd1 Bf4 24. Na4 Rb8 25. b3 Bxh2 26. Nxc5 a5 27.
Rxa5 Bf4 28. Ra6 e4 29. fxe4 Bd6 30. Na4 Bc7 31. c5 Bf4 32. c6 Rbg8 33. Nc5 h5
34. e5 Bxe5 35. Bd5+ Kg7 36. Bxg8 36... Rxg8 {Hossa resigns} 1-0

[Event "ICS rated blitz match"]
[Site "204.178.125.65"]
[Date "1999.09.26"]
[Round "?"]
[White "PostModernist"]
[Black "Hossa"]
[Result "1-0"]
[WhiteElo "2612"]
[BlackElo "2475"]
[PlyCount "96"]
[EventDate "1999.??.??"]

1. e4 c5 2. Nf3 d6 3. d4 Nf6 4. dxc5 Nxe4 5. cxd6 Nc6 6. Nbd2 Nxd6 7. Nc4 e5 8.
c3 Bg4 9. h3 Bh5 10. g4 Nxc4 11. gxh5 Qxd1+ 12. Kxd1 Nd6 13. Be3 O-O-O 14. Kc2
Nf5 15. Bb5 Bd6 16. Bxc6 Nxe3+ 17. fxe3 bxc6 18. Rhg1 g6 19. Ng5 Rd7 20. Rad1
Kc7 21. b4 a6 22. hxg6 hxg6 23. a4 Rh6 24. Rg2 Rh8 25. Rf2 f5 26. Ne6+ Kc8 27.
Rfd2 Rxh3 28. Rxd6 Rxd6 29. Rxd6 Rxe3 30. Rxc6+ Kb7 31. Nd8+ Ka7 32. Rxg6 f4
33. a5 Kb8 34. Rxa6 e4 35. Rb6+ Kc7 36. Ne6+ Kc8 37. a6 Re2+ 38. Kb3 Re1 39. a7
Ra1 40. Rb8+ Kd7 41. Nc5+ Kc7 42. Na4 e3 43. a8=Q Rb1+ 44. Kc4 Kd7 45. Qd5+ Ke7
46. Rb7+ Kf6 47. Rf7+ Kg6 48. Qf5+ 48... Kh6 {Hossa resigns} 1-0

[Event "ICS rated blitz match"]
[Site "204.178.125.65"]
[Date "1999.10.17"]
[Round "?"]
[White "PostModernist"]
[Black "Hossa"]
[Result "1-0"]
[WhiteElo "2497"]
[BlackElo "2557"]
[PlyCount "237"]
[EventDate "1999.??.??"]

1. c4 Nf6 2. g3 g6 3. Bg2 Bg7 4. Nc3 e5 5. Nf3 Nc6 6. a3 d6 7. d3 O-O 8. O-O
Bg4 9. h3 Be6 10. b4 Qc8 11. Ng5 Nd7 12. Nxe6 fxe6 13. b5 Ne7 14. Rb1 Nf5 15.
e3 Nb6 16. a4 Rb8 17. a5 Nd7 18. Re1 Qd8 19. Bd2 Nc5 20. Qe2 Qe7 21. Ne4 b6 22.
Nxc5 bxc5 23. Be4 Qf6 24. Qf3 Qd8 25. Qg2 Rf7 26. Rbd1 Ne7 27. Bb7 Qd7 28. a6
d5 29. Ba5 Rbf8 30. Rf1 Rf3 31. e4 d4 32. Kh1 Qd6 33. Qh2 R8f7 34. Qg1 R7f6 35.
Kh2 Rf8 36. Qg2 Kh8 37. Kg1 R8f6 38. Qh2 Rf7 39. h4 R7f6 40. Kh1 Kg8 41. Qg2
Rf7 42. Kg1 Bh6 43. Qh2 Rf8 44. Qh3 Bg7 45. Qg2 Qd7 46. Kh1 R8f7 47. Kh2 Kh8
48. Kg1 R7f6 49. Qh3 Kg8 50. Qh1 Qd6 51. Qg2 Kh8 52. Kh2 Rf7 53. Qg1 Ng8 54.
Kh3 Rf8 55. Qg2 Qe7 56. Bc6 Nh6 57. Bd2 Qf7 58. Bc1 Ng8 59. Ba3 Qe7 60. Qg1 Qd6
61. Bb7 R8f7 62. Bc1 Bh6 63. Bb2 Bf8 64. Qg2 Bg7 65. Kh2 Nh6 66. Kh3 Qf8 67.
Ba3 Kg8 68. Bc6 R7f6 69. Qg1 Rxf2 70. Rxf2 Rxf2 71. Bd7 Rf6 72. Bc1 Qf7 73. Bc6
Kh8 74. Bg5 Rf3 75. Kg2 Ng4 76. Rf1 Rxf1 77. Qxf1 Nf6 78. Qf3 Kg8 79. Bd2 Qe7
80. g4 Ne8 81. g5 Nd6 82. Bb7 Kh8 83. Bc6 Nf7 84. Qg3 Nd8 85. Bb7 Qd7 86. Ba5
Nf7 87. Bc6 Qd6 88. Qf3 Qe7 89. Be1 Nd8 90. Bb7 Qd6 91. Ba5 Kg8 92. Kf2 Nf7 93.
Bc6 Qd8 94. Kg3 Qe7 95. Kg2 Nd6 96. Bd2 Qd8 97. Kg3 Kh8 98. Kh3 Qg8 99. Bd7 Nc8
100. Qg4 Nb6 101. Bxe6 Qe8 102. Ba5 Qe7 103. Kg3 Na4 104. Kf2 Nb2 105. Ke2 Bf8
106. Qf3 Kg7 107. Bd5 Na4 108. h5 gxh5 109. Qxh5 Nb6 110. Qh6+ Kh8 111. Qf6+
Qg7 112. Qd8 h6 113. g6 Nxd5 114. exd5 h5 115. Bxc7 Kg8 116. Qe8 Qxc7 117. d6
Qxd6 118. Qf7+ Kh8 119. Qh7# {Hossa checkmated} 1-0

[Event "ICS rated blitz match"]
[Site "204.178.125.65"]
[Date "1999.09.14"]
[Round "?"]
[White "PostModernist"]
[Black "Hossa"]
[Result "1-0"]
[WhiteElo "2527"]
[BlackElo "2304"]
[PlyCount "47"]
[EventDate "1999.??.??"]

1. e4 e5 2. Nf3 Nc6 3. Bc4 Nf6 4. d4 exd4 5. O-O Nxe4 6. Re1 f5 7. Bg5 Ne7 8.
Qxd4 d5 9. Bxe7 Bxe7 10. Bxd5 Nf6 11. Nc3 Kf8 12. Qc4 Ne8 13. Rad1 Nd6 14. Qf4
Bf6 15. Qg3 g6 16. Ne5 Kg7 17. Nf7 Nxf7 18. Bxf7 Bd7 19. Bc4 Qc8 20. Nd5 Bxb2
21. Re7+ Kf8 22. Qh4 Be6 23. Qh6+ Bg7 24. Qxg7# {Hossa checkmated} 1-0

[Event "ICS rated blitz match"]
[Site "204.178.125.65"]
[Date "1999.09.10"]
[Round "?"]
[White "PostModernist"]
[Black "Hossa"]
[Result "1-0"]
[WhiteElo "2634"]
[BlackElo "2481"]
[PlyCount "154"]
[EventDate "1999.??.??"]

1. c4 e5 2. g3 Nc6 3. Nc3 Bb4 4. Bg2 Nge7 5. e3 Bxc3 6. bxc3 O-O 7. Ne2 d6 8.
O-O f6 9. d3 Rb8 10. Rb1 Be6 11. Bb2 Qd7 12. Re1 Bh3 13. Bf3 Na5 14. Nc1 c5 15.
Nb3 Qa4 16. Ra1 Nac6 17. Qe2 b5 18. cxb5 Rxb5 19. Reb1 Rb6 20. d4 cxd4 21. cxd4
d5 22. Nc5 Qb4 23. a3 Qa5 24. Rc1 Qb5 25. Qxb5 Rxb5 26. Bc3 exd4 27. exd4 Rc8
28. a4 Rbb8 29. Rab1 Ra8 30. a5 Re8 31. Rb7 Rab8 32. a6 Kh8 33. Bh5 Ng6 34. Rc7
Rbc8 35. Rxc8 Rxc8 36. Re1 Nge7 37. Bd1 g5 38. Bb3 Nf5 39. Ne6 Nb8 40. Bd2 Nxa6
41. Bxd5 Nxd4 42. Nxd4 Rd8 43. Be6 Bxe6 44. Bc3 Bd7 45. Nf3 Kg8 46. Bxf6 Rf8
47. Ne5 Rxf6 48. Nxd7 Rf7 49. Re8+ Kg7 50. Ne5 Rb7 51. h4 Nc7 52. Re7+ Kf6 53.
Nc6 h6 54. Kg2 g4 55. Rh7 Kg6 56. Rd7 Kf5 57. Nd8 Rb8 58. Nf7 Rb7 59. Nxh6+ Ke6
60. Rd4 Nb5 61. Re4+ Kd5 62. Re1 Rg7 63. Nf5 Rf7 64. Ne3+ Kd6 65. Nxg4 Nd4 66.
h5 Rf5 67. Rd1 Kc5 68. h6 Rh5 69. Rh1 Rd5 70. h7 Rd8 71. h8=Q Rxh8 72. Rxh8 a5
73. f4 Kc6 74. Rd8 Ne6 75. Ne5+ Kc5 76. Rc8+ Kd5 77. Ra8 77... Ke4 {
Hossa resigns} 1-0

[Event "ICS rated blitz match"]
[Site "204.178.125.65"]
[Date "1999.10.14"]
[Round "?"]
[White "PostModernist"]
[Black "Hossa"]
[Result "1-0"]
[WhiteElo "2614"]
[BlackElo "2369"]
[PlyCount "100"]
[EventDate "1999.??.??"]

1. Nf3 d5 2. e3 Nf6 3. c4 e6 4. Nc3 Bb4 5. cxd5 exd5 6. a3 Be7 7. Be2 O-O 8.
O-O c5 9. d4 Nc6 10. dxc5 Bxc5 11. b4 Bd6 12. Bb2 Be6 13. Nb5 Be7 14. Ng5 Ne4
15. Nxe6 fxe6 16. Bd3 Nf6 17. Rc1 Rc8 18. Qe2 Qd7 19. Rfd1 a6 20. Nc3 b5 21.
Bc2 Bd6 22. Bb3 Ne5 23. e4 Neg4 24. h3 Nxf2 25. Qxf2 Bh2+ 26. Kh1 Nxe4 27. Qe1
Nxc3 28. Rxc3 Rxc3 29. Qxc3 Bc7 30. Bc2 Bb6 31. Qe5 Rf2 32. Rc1 Bd8 33. Bd4 Rf6
34. Qh5 Rh6 35. Qf3 Bf6 36. Bc5 Qf7 37. Re1 Rh4 38. Qg3 g6 39. Rxe6 Rc4 40. Qd6
Bh4 41. Bb3 Qf1+ 42. Kh2 Qf4+ 43. Qxf4 Rxf4 44. g3 Rf5 45. gxh4 Kf7 46. Rxa6
Kg7 47. Ra7+ Kf6 48. Rxh7 Ke5 49. Re7+ Kf6 50. Rd7 50... Re5 {Hossa resigns}
1-0

[Event "ICS rated blitz match"]
[Site "204.178.125.65"]
[Date "1999.10.14"]
[Round "?"]
[White "PostModernist"]
[Black "Hossa"]
[Result "1-0"]
[WhiteElo "2594"]
[BlackElo "2389"]
[PlyCount "197"]
[EventDate "1999.??.??"]

1. e4 c5 2. Nf3 d6 3. d4 cxd4 4. Nxd4 Nf6 5. Nc3 g6 6. Be2 Bg7 7. O-O O-O 8.
Bg5 Nc6 9. Nb3 h6 10. Bh4 Bd7 11. Kh1 Rc8 12. Qd2 Be6 13. Bxf6 exf6 14. Rad1 f5
15. Nb5 fxe4 16. Nxd6 Rb8 17. Nc5 Qb6 18. Nxe6 fxe6 19. Bc4 Nd4 20. Nxe4 Qxb2
21. c3 Qxd2 22. Rxd2 Rf4 23. Re1 Nc6 24. Bxe6+ Kh7 25. g3 Rff8 26. Kg2 Nd8 27.
Bd5 Rc8 28. f4 h5 29. Rd3 Kh6 30. a4 Rc7 31. a5 Re8 32. Rb1 Ree7 33. Ra1 Nc6
34. a6 b6 35. Rdd1 Nb8 36. Ra3 Rcd7 37. Kf3 Rd8 38. Ra2 Rc7 39. Bb3 Rf8 40. Kg2
Re7 41. Bc2 Rfe8 42. Nd6 Rf8 43. Nb5 Bh8 44. Rd6 Bf6 45. Bb3 Bg7 46. h4 Bf6 47.
Bd5 Bg7 48. Bb7 Rf6 49. Rxf6 Bxf6 50. c4 Kg7 51. Rd2 Rf7 52. Rd6 Re7 53. Kh3
Rf7 54. Re6 Bd8 55. Re8 Rd7 56. Bc8 Rd1 57. Nxa7 Kf7 58. Nb5 Nxa6 59. Rxd8 Rxd8
60. Bxa6 Ke6 61. Bb7 Rd2 62. Bd5+ Ke7 63. Bg2 Rd7 64. f5 Kf6 65. fxg6 Kxg6 66.
Be4+ Kg7 67. g4 Re7 68. Bf3 hxg4+ 69. Kxg4 Rd7 70. Kg5 Rd3 71. Bg4 Rd2 72. h5
Kf8 73. h6 Rg2 74. Nc3 Rd2 75. Ne4 Rg2 76. Nf6 Kf7 77. Nd5 Rb2 78. Bf5 Rg2+ 79.
Kf4 Rf2+ 80. Ke5 Re2+ 81. Kd4 Rd2+ 82. Bd3 Rf2 83. Nxb6 Ke6 84. h7 Rh2 85. c5
Rh1 86. Nc4 Rh2 87. Ne5 Rh4+ 88. Be4 Rh2 89. c6 Kd6 90. Nf7+ Ke7 91. h8=Q Rb2
92. c7 Ra2 93. Qh4+ Kxf7 94. Qh5+ Ke6 95. c8=Q+ Kf6 96. Qch8+ Ke7 97. Q8e8+ Kd6
98. Qhg6+ Kc7 99. Qgc6# {Hossa checkmated} 1-0

[Event "ICS rated blitz match"]
[Site "204.178.125.65"]
[Date "1999.09.08"]
[Round "?"]
[White "PostModernist"]
[Black "Hossa"]
[Result "1-0"]
[WhiteElo "2591"]
[BlackElo "2543"]
[PlyCount "78"]
[EventDate "1999.??.??"]

1. e4 c6 2. d4 d5 3. exd5 cxd5 4. Bd3 Nc6 5. c3 e5 6. dxe5 Nxe5 7. Bb5+ Nc6 8.
Nf3 Bg4 9. O-O Bd6 10. Re1+ Be7 11. Bxc6+ bxc6 12. Qa4 Bd7 13. Bg5 f6 14. Bf4
Kf7 15. Nbd2 c5 16. Qa6 Bg4 17. Qb7 Be6 18. Nb3 Rc8 19. Qxa7 Bg4 20. Nfd2 Kg6
21. Qa6 Nh6 22. Qd3+ Kf7 23. Bxh6 gxh6 24. h3 c4 25. Qg3 Bd7 26. Nd4 Re8 27.
Qf3 Qa5 28. Nf5 Bf8 29. Rxe8 Rxe8 30. Nxc4 Qc5 31. Qh5+ Kg8 32. Ncd6 Bxf5 33.
Nxe8 Be6 34. Nxf6+ Kg7 35. Ne8+ Kg8 36. Qe5 Qc6 37. Re1 Bd7 38. Nf6+ Kf7 39.
Nxd7 39... Qxd7 {Hossa resigns} 1-0

[Event "ICS rated blitz match"]
[Site "204.178.125.65"]
[Date "1999.09.21"]
[Round "?"]
[White "PostModernist"]
[Black "Hossa"]
[Result "1-0"]
[WhiteElo "2510"]
[BlackElo "2343"]
[PlyCount "89"]
[EventDate "1999.??.??"]

1. d4 d5 2. Nf3 Bf5 3. c4 dxc4 4. Nc3 Nf6 5. e3 e6 6. Bxc4 Bd6 7. Nd2 c5 8.
dxc5 Bxc5 9. e4 Bg4 10. Qb3 b6 11. Qa4+ Nfd7 12. Nb3 O-O 13. O-O a6 14. Nxc5
Nxc5 15. Qc2 b5 16. Be3 Nbd7 17. b4 Nxe4 18. Nxe4 bxc4 19. Rfc1 Rc8 20. Nd6 Rc7
21. Nxc4 Qf6 22. Qd2 Rxc4 23. Rxc4 Qxa1+ 24. Rc1 Qe5 25. Qxd7 Qb2 26. Qc6 Be2
27. a4 e5 28. h3 Bd3 29. Qd6 e4 30. Kh2 Qa3 31. a5 Bb5 32. Rc7 Qd3 33. Bd4 Re8
34. Qd5 Re6 35. Rc3 Qe2 36. Rc8+ Be8 37. Qg5 f6 38. Qd5 Kf7 39. Rc7+ Kg6 40.
Qxe6 Bd7 41. Qxd7 Kh5 42. Qf7+ Kh6 43. Qxg7+ Kh5 44. Bxf6 h6 45. Rc5# {
Hossa checkmated} 1-0

[Event "ICS rated blitz match"]
[Site "204.178.125.65"]
[Date "1999.10.06"]
[Round "?"]
[White "PostModernist"]
[Black "Hossa"]
[Result "0-1"]
[WhiteElo "2672"]
[BlackElo "2562"]
[PlyCount "158"]
[EventDate "1999.??.??"]

1. d4 d5 2. Nf3 Nf6 3. c4 c6 4. Nc3 dxc4 5. a4 c5 6. e4 Nc6 7. d5 Na5 8. Nd2 e5
9. Nxc4 Nxc4 10. Bxc4 Bd6 11. O-O O-O 12. Bg5 a6 13. a5 Re8 14. Qf3 Be7 15.
Rfc1 Bd7 16. b3 Bc8 17. Qg3 Nd7 18. Bh6 Bf6 19. Be3 Rb8 20. Na4 Be7 21. Bd3
Qxa5 22. Nxc5 Qd8 23. Bh6 Bf6 24. Rc2 Nxc5 25. Rxc5 Qd6 26. Rac1 Bd7 27. Bd2
Be7 28. Be3 Qf6 29. Rc7 Qd6 30. R1c2 f5 31. exf5 Bd8 32. R7c3 Ba5 33. Bc5 Qf6
34. b4 Bd8 35. Qf3 e4 36. Bxe4 Bxf5 37. Re2 Bc7 38. d6 Bxd6 39. Bxd6 Qxd6 40.
Bd5+ Kh8 41. Rxe8+ Rxe8 42. Re3 Rf8 43. Be4 Rc8 44. g3 Bh3 45. Bc2 Qxb4 46. Qh5
Qb1+ 47. Bd1 Bd7 48. Kg2 Qf5 49. Qxf5 Bxf5 50. Bf3 b5 51. Bb7 Rb8 52. Bxa6 b4
53. Bc4 Bc2 54. Bb3 Bxb3 55. Rxb3 Kg8 56. f4 Kf7 57. Kf3 Ke6 58. Ke4 Rb6 59.
Kd4 Kf5 60. Kc5 Rb7 61. Rxb4 Rxb4 62. Kxb4 Kg4 63. Kc4 Kh3 64. g4 Kxg4 65. Kd5
Kxf4 66. Ke6 g5 67. Kd6 h5 68. Kd5 g4 69. Kd4 h4 70. Kd5 g3 71. hxg3+ hxg3 72.
Kd6 g2 73. Kd5 g1=Q 74. Kc4 Ke4 75. Kb5 Kd5 76. Kb4 Qg3 77. Ka5 Kc5 78. Ka6 Qg7
79. Ka5 79... Qa7# {PostModernist checkmated} 0-1

[Event "ICS rated blitz match"]
[Site "204.178.125.65"]
[Date "1999.09.19"]
[Round "?"]
[White "PostModernist"]
[Black "Hossa"]
[Result "1-0"]
[WhiteElo "2514"]
[BlackElo "2574"]
[PlyCount "70"]
[EventDate "1999.??.??"]

1. e4 e5 2. Bc4 Nf6 3. d3 Nc6 4. Nf3 Bc5 5. c3 d6 6. Bb3 O-O 7. O-O d5 8. exd5
Nxd5 9. Re1 Bg4 10. h3 Bxf3 11. Qxf3 Nb6 12. Nd2 Qh4 13. Ne4 Be7 14. Qf5 g6 15.
Qf3 Rad8 16. Bd2 a5 17. Kh2 g5 18. Nf6+ Kh8 19. a4 Kg7 20. Nh5+ Kh8 21. Re4
Rxd3 22. Be3 g4 23. Rxg4 Qxh5 24. Rg8+ Rxg8 25. Qxh5 Nd5 26. Bc2 Rxg2+ 27. Kxg2
Nxe3+ 28. fxe3 Rd2+ 29. Kh1 Rxc2 30. Rg1 Rc1 31. Rxc1 Kg7 32. Rf1 f6 33. Rg1+
Kf8 34. Qg4 Bc5 35. Qg8+ 35... Ke7 {Hossa resigns} 1-0

[Event "ICS rated blitz match"]
[Site "204.178.125.65"]
[Date "1999.10.05"]
[Round "?"]
[White "PostModernist"]
[Black "Hossa"]
[Result "1-0"]
[WhiteElo "2659"]
[BlackElo "2484"]
[PlyCount "110"]
[EventDate "1999.??.??"]

1. e4 e5 2. Nf3 Nc6 3. Bb5 a6 4. Ba4 Nf6 5. O-O Be7 6. Re1 b5 7. Bb3 d6 8. c3
O-O 9. h3 Na5 10. Bc2 c5 11. d4 Qc7 12. Nbd2 Bb7 13. Nf1 cxd4 14. cxd4 Rac8 15.
Bb1 Rfd8 16. a4 b4 17. Ng3 Nc6 18. Nf5 a5 19. d5 Nb8 20. Be3 Re8 21. Bd3 Qd8
22. Qe2 Bf8 23. Bb5 Nxe4 24. Bxe8 Qxe8 25. Bb6 Bxd5 26. Bxa5 Nc6 27. Bb6 Nf6
28. Rac1 Qe6 29. Ne3 Bb3 30. Ng5 Qd7 31. Qd3 Be6 32. Nxe6 fxe6 33. a5 d5 34.
Qb5 Qd6 35. Rc2 Nd7 36. Rec1 Ndb8 37. Bc5 Qd7 38. Bxf8 Kxf8 39. Ng4 Qd6 40. a6
Rc7 41. a7 Rxa7 42. Rxc6 Nxc6 43. Rxc6 Qe7 44. Qb8+ Kf7 45. Nxe5+ Kf6 46. Nf3
h6 47. Nd4 Kf7 48. Nxe6 g5 49. Qh8 Qxe6 50. Rxe6 Ra1+ 51. Kh2 Kxe6 52. Qxh6+
Kd7 53. f4 gxf4 54. Qxf4 b3 55. Qb4 55... Ke6 {Hossa resigns} 1-0

[Event "ICS rated blitz match"]
[Site "204.178.125.65"]
[Date "1999.09.20"]
[Round "?"]
[White "PostModernist"]
[Black "Hossa"]
[Result "1-0"]
[WhiteElo "2579"]
[BlackElo "2394"]
[PlyCount "78"]
[EventDate "1999.??.??"]

1. e4 c5 2. Nf3 d6 3. Bb5+ Bd7 4. Bxd7+ Nxd7 5. O-O Ngf6 6. Re1 e5 7. c4 Be7 8.
Nc3 b6 9. d3 O-O 10. Qe2 Ng4 11. b3 f5 12. exf5 a5 13. Bd2 Kh8 14. Nb5 a4 15.
b4 Rc8 16. Rab1 Rb8 17. d4 Rc8 18. bxc5 bxc5 19. Na7 Ra8 20. Nc6 Qe8 21. h3
Ngf6 22. dxe5 dxe5 23. Nxe7 e4 24. Nd5 Nxd5 25. Qxe4 Qxe4 26. Rxe4 N5b6 27. Rf4
Rab8 28. Ng5 Ne5 29. Bc3 Nbxc4 30. Rxb8 Rxb8 31. Re4 Kg8 32. f4 Nd6 33. Rxe5 c4
34. Rd5 Ne8 35. Rc5 a3 36. Rxc4 Nd6 37. Rc7 Nxf5 38. g4 h6 39. Ne6 39... Rb1+ {
Hossa resigns} 1-0

[Event "ICS rated blitz match"]
[Site "204.178.125.65"]
[Date "1999.10.17"]
[Round "?"]
[White "PowerWindows"]
[Black "Hossa"]
[Result "0-1"]
[WhiteElo "2237"]
[BlackElo "2516"]
[PlyCount "28"]
[EventDate "1999.??.??"]

1. e4 d5 2. exd5 Qxd5 3. Nc3 Qa5 4. d4 Nf6 5. Nf3 Bf5 6. Bc4 Ne4 7. Bd2 Nxd2 8.
Qxd2 Qb4 9. Bb3 Nc6 10. O-O O-O-O 11. Rad1 e6 12. h3 Nxd4 13. Nxd4 c5 14. Qf4
14... Bd6 {PowerWindows resigns} 0-1

[Event "ICS rated blitz match"]
[Site "204.178.125.65"]
[Date "1999.08.29"]
[Round "?"]
[White "Ppizarro"]
[Black "Hossa"]
[Result "1/2-1/2"]
[WhiteElo "2301"]
[BlackElo "2482"]
[PlyCount "88"]
[EventDate "1999.??.??"]

1. d3 Nf6 2. Nf3 d5 3. b3 Nc6 4. Bb2 d4 5. e3 e5 6. exd4 exd4 7. a3 Be7 8. Be2
O-O 9. O-O Re8 10. Re1 Bg4 11. Nbd2 Bd6 12. h3 Bxf3 13. Nxf3 Bf4 14. Bc1 Nd5
15. Bxf4 Nxf4 16. Qd2 Qf6 17. Bf1 Nxh3+ 18. gxh3 Qxf3 19. Bg2 Qf5 20. Rxe8+
Rxe8 21. Re1 Re6 22. Rxe6 fxe6 23. Bxc6 bxc6 24. Kg2 e5 25. Qe2 c5 26. Kh2 a5
27. a4 c6 28. Kg2 Kf7 29. Kh2 Ke6 30. Kg2 Qg5+ 31. Kh2 Qf4+ 32. Kg2 Kd6 33. Qh5
h6 34. Qg6+ Qf6 35. Qe8 Qg5+ 36. Kh2 Qf4+ 37. Kg2 Kc7 38. Qe7+ Kb6 39. Qxg7 e4
40. Qg4 Qd2 41. Qc8 Qg5+ 42. Qg4 Qd2 43. Qc8 Qg5+ 44. Qg4 44... Qd2 {
Game drawn by repetition} 1/2-1/2

[Event "ICS rated blitz match"]
[Site "204.178.125.65"]
[Date "1999.09.20"]
[Round "?"]
[White "Proteus"]
[Black "Hossa"]
[Result "0-1"]
[WhiteElo "2070"]
[BlackElo "2398"]
[PlyCount "60"]
[EventDate "1999.??.??"]

1. d4 Nf6 2. c4 c5 3. d5 b5 4. cxb5 a6 5. e3 g6 6. Nc3 Bg7 7. Nf3 O-O 8. a4 d6
9. e4 e5 10. h3 Nfd7 11. Bd3 Nb6 12. Bg5 f6 13. Be3 axb5 14. Bxb5 Na6 15. O-O
Nc7 16. Nd2 Nxb5 17. Nxb5 Ba6 18. Qb3 Rb8 19. Nc4 Nxa4 20. Qxa4 Bxb5 21. Qc2
Bxc4 22. Qxc4 Rxb2 23. Rfb1 Rxb1+ 24. Rxb1 f5 25. f3 fxe4 26. fxe4 Qh4 27. Kh2
Kh8 28. Rb6 Qe1 29. Bg5 h6 30. Be7 30... Rf1 {Proteus resigns} 0-1

[Event "ICS rated blitz match"]
[Site "204.178.125.65"]
[Date "1999.09.22"]
[Round "?"]
[White "Proteus"]
[Black "Hossa"]
[Result "0-1"]
[WhiteElo "2125"]
[BlackElo "2252"]
[PlyCount "46"]
[EventDate "1999.??.??"]

1. d4 Nf6 2. c4 e6 3. g3 Bb4+ 4. Bd2 Be7 5. Bg2 O-O 6. Nc3 c5 7. Nf3 d5 8. cxd5
Nxd5 9. O-O cxd4 10. Nxd4 Nxc3 11. Bxc3 e5 12. Nf3 f6 13. Qb3+ Kh8 14. Rfd1 Nd7
15. Rac1 a5 16. a4 Bc5 17. e3 Bb6 18. Bxe5 fxe5 19. Nxe5 Qf6 20. Nxd7 Bxd7 21.
Rxd7 Qxf2+ 22. Kh1 Bxe3 23. Qxb7 23... Bxc1 {Proteus resigns} 0-1

[Event "ICS rated blitz match"]
[Site "204.178.125.65"]
[Date "1999.09.22"]
[Round "?"]
[White "Proteus"]
[Black "Hossa"]
[Result "1-0"]
[WhiteElo "2103"]
[BlackElo "2110"]
[PlyCount "54"]
[EventDate "1999.??.??"]

1. d4 Nf6 2. c4 g6 3. Nc3 d5 4. Nf3 dxc4 5. e4 c5 6. d5 Bg7 7. Bxc4 O-O 8. O-O
Bg4 9. h3 Bh5 10. g4 Nxg4 11. hxg4 Bxg4 12. Qd3 Bh3 13. Re1 Qd7 14. Nh2 Rd8 15.
e5 Bf5 16. Qg3 b5 17. e6 fxe6 18. dxe6 Qd4 19. Bxb5 Qb4 20. a3 Qxb5 21. Nxb5
Nc6 22. Ng4 a6 23. Nc7 Rab8 24. Nxa6 Rb6 25. Nxc5 Bxg4 26. Qxg4 Bd4 27. Nd7
27... Rb3 {Hossa resigns} 1-0

[Event "ICS rated blitz match"]
[Site "204.178.125.65"]
[Date "1999.08.29"]
[Round "?"]
[White "Qb1"]
[Black "Hossa"]
[Result "0-1"]
[WhiteElo "2005"]
[BlackElo "2464"]
[PlyCount "72"]
[EventDate "1999.??.??"]

1. d4 d5 2. Nf3 Bf5 3. g3 e6 4. Bg2 Bd6 5. O-O Ne7 6. Re1 c5 7. e3 O-O 8. c3
Nbc6 9. dxc5 Bxc5 10. Nbd2 Bg6 11. Qe2 Qb6 12. Nh4 Ne5 13. Nb3 Be4 14. Nf3 f6
15. Bd2 Nd3 16. Reb1 e5 17. Nc1 Nxb2 18. Ne1 Bxb1 19. Rxb1 Ba3 20. Ncd3 Qa6 21.
Qg4 Nxd3 22. Bf1 f5 23. Qh3 e4 24. Be2 Bc5 25. Qf1 Qxa2 26. Nxd3 exd3 27. Bxd3
Qxd2 28. Rxb7 Rfb8 29. Rxe7 Bxe7 30. Bxf5 Rb2 31. Kg2 Qxe3 32. Kg1 Qf3 33. Be6+
Kf8 34. Qe1 Bc5 35. Qe3 Rb1+ 36. Qe1 36... Rxe1# {Qb1 checkmated} 0-1